|
|
|
|
| LEADER |
01346nam a22003017a 4500 |
| 001 |
33942 |
| 003 |
BD-DhAAL |
| 005 |
20181120161642.0 |
| 008 |
181114r20182015bg ||||| |||| 00| 0dben d |
| 999 |
|
|
|c 40207
|d 40207
|
| 020 |
|
|
|a 9847012004012
|
| 040 |
|
|
|a BD-DhAAL
|
| 041 |
|
|
|a ben
|
| 082 |
|
|
|2 22
|a 954.9205092
|
| 100 |
|
|
|a সাদী, শেখ
|9 28901
|
| 245 |
|
|
|a বঙ্গবন্ধু পূর্ণ জীবন /
|c শেখ সাদী
|
| 246 |
|
|
|a Bangabondhu purna jibon
|
| 260 |
|
|
|a ঢাকা :
|b কথাপ্রকাশ,
|c ২০১৫ [সপ্তম মুদ্রণ ২০১৮]
|
| 300 |
|
|
|a ৩৮২ পৃষ্ঠা :
|b চিত্র ;
|c ২২ সে.মি.
|
| 504 |
|
|
|a গ্রন্থপঞ্জিগত নির্দেশিকা অন্তভূক্ত
|
| 526 |
|
|
|a AAL
|
| 541 |
|
|
|a Boibazar.com
|e 33942
|
| 600 |
|
|
|a Mujibur Rahman,
|c Sheikh,
|d 1920-1975
|x Political and social views
|x Biography
|9 28902
|
| 651 |
|
|
|a Bangladesh
|x Politics and government.
|9 28903
|
| 651 |
|
|
|a Bangladesh
|x History
|y Revolution, 1971
|9 28904
|
| 852 |
|
|
|a Ayesha Abed Library
|c Bangabandhu Corner
|
| 942 |
|
|
|2 ddc
|c BK
|
| 952 |
|
|
|0 0
|1 0
|2 ddc
|4 0
|6 954_920509200000000_SAD
|7 0
|9 64593
|a BRACUL
|b BRACUL
|c BNC
|d 2018-11-01
|e Boibazar.com
|g 360.00
|l 0
|o 954.9205092 SAD
|p 3010033942
|r 2018-11-01
|t 1
|v 360.00
|w 2018-11-01
|y BK
|